书目信息 |
| 题名: |
外墙外保温常见技术问答
|
|
| 作者: | ;北京艺高世纪科技股份有限公司 主编 | |
| 分册: | ||
| 出版信息: | 北京 中国建筑工业出版社 2009.08 |
|
| 页数: | 276页 | |
| 开本: | 26cm | |
| 丛书名: | ||
| 单 册: | ||
| 中图分类: | TU111.4 | |
| 科图分类: | ||
| 主题词: | 建筑物--jian zhu wu--墙--保温--问答--技术 | |
| 电子资源: | ||
| ISBN: | 978-7-112-11029-2 | |
| 000 | 01467nam0 2200229 450 | |
| 001 | 200000001686 | |
| 005 | 20100506142912.54 | |
| 010 | @a978-7-112-11029-2@dCNY39.00 | |
| 100 | @a20100515d2009 km y0chiy0121 eb | |
| 101 | 0 | @achi |
| 102 | @aCN@b110000 | |
| 105 | @aa z 000yy | |
| 110 | @abuu 0xx0 | |
| 200 | 1 | @a外墙外保温常见技术问答@Awai qiang wai bao wen chang jian ji shu wen da@f北京艺高世纪科技股份有限公司主编 |
| 210 | @a北京@c中国建筑工业出版社@d2009.08 | |
| 215 | @a276页@c图@d26cm | |
| 330 | @a本书分为六种,阐述了外墙外保温技术应用过程中常见的问题。第一章是建筑节能的概括,主要介绍了建筑节能方面的相关问题;第二章是外墙外保温基本知识,介绍了相关的术语及概念;第三章是外墙外保温设计中常见问题,主要论述了根据我国五个热工设计分区,严寒地区、寒冷地区、夏热冬冷地区、、温和地区各区域的不同特点外墙外保温设计中的常见问题;第四章是外墙外保温系统组成材料,介绍了系统组成成分聚合物砂浆、保温材料、加强材料、饰面材料的性能,生产中常见问题;第五章是外墙外保温施工过程中常见问题,分别论述了施工工艺过程中的常见问题;第六章是外墙外保温检测中的常见问题。通过六章的论述,对外墙外保温系统的设计、施工、材料、检测等方面一系列相关常见问题,从如何预防避免出现相关问题到问题出现如何妥善解决,本书均给予了切实可行的参考意见。 | |
| 606 | 0 | @a建筑物@Ajian zhu wu@x墙@x保温@j问答@x技术 |
| 690 | @aTU111.4@v4 | |
| 711 | 02 | @a北京艺高世纪科技股份有限公司@Abei jing yi gao shi ji ke ji gu fen you xian gong si@4主编 |
| 801 | 0 | @aCN@c20100515 |
| 905 | @dTU111.4@eB642@f3 | |
| 外墙外保温常见技术问答/北京艺高世纪科技股份有限公司主编.-北京:中国建筑工业出版社,2009.08 |
| 276页:图;26cm |
| ISBN 978-7-112-11029-2:CNY39.00 |
| 本书分为六种,阐述了外墙外保温技术应用过程中常见的问题。第一章是建筑节能的概括,主要介绍了建筑节能方面的相关问题;第二章是外墙外保温基本知识,介绍了相关的术语及概念;第三章是外墙外保温设计中常见问题,主要论述了根据我国五个热工设计分区,严寒地区、寒冷地区、夏热冬冷地区、、温和地区各区域的不同特点外墙外保温设计中的常见问题;第四章是外墙外保温系统组成材料,介绍了系统组成成分聚合物砂浆、保温材料、加强材料、饰面材料的性能,生产中常见问题;第五章是外墙外保温施工过程中常见问题,分别论述了施工工艺过程中的常见问题;第六章是外墙外保温检测中的常见问题。通过六章的论述,对外墙外保温系统的设计、施工、材料、检测等方面一系列相关常见问题,从如何预防避免出现相关问题到问题出现如何妥善解决,本书均给予了切实可行的参考意见。 |
| ● |
| 相关链接 |
|
|
|
正题名:外墙外保温常见技术问答
索取号:TU111.4/B642
 
预约/预借
| 序号 | 登录号 | 条形码 | 馆藏地/架位号 | 状态 | 备注 |
| 1 | 899271 | 208992713 | 建筑库101/101建筑库 24排2列3层/ [索取号:TU111.4/B642] | 在馆 | |
| 2 | 899272 | 208992722 | 建筑库101/101建筑库 24排1列3层/ [索取号:TU111.4/B642] | 在馆 | |
| 3 | 899273 | 208992731 | 建筑库101/101建筑库 24排2列3层/ [索取号:TU111.4/B642] | 在馆 |